| 000 | 00653nam a22002177a 4500 | ||
|---|---|---|---|
| 003 | UA-OsUOA | ||
| 001 | 106181 | ||
| 007 | ta | ||
| 008 | 20140505b un ||||| |||| 00| 0 ukr d | ||
| 100 | _aПлачинда В. | ||
| 090 |
_a330(477) _bП37 |
||
| 942 | _cSA | ||
| 040 |
_aUA-OsUOA _bukr _cUA-OsUOA _dUA-OsUOA |
||
| 245 | _aДоларизація в Україні: тенденції розвитку та чинники винекнення | ||
| 300 | _aС.73-84 | ||
| 955 | _a0 | ||
| 041 | _aukr | ||
| 080 | _a330(477) | ||
| 773 | 0 |
_w106175 _tБанківська справа _dК. _d2014 _g2 |
|
| 650 | 7 |
_a330 Економіка взагалі _2UDC |
|
| 999 |
_c392313 _d392313 |
||